Cross-border cultural tourism in Europe: drivers for cross-border travels for the performing arts
Teoreticko-ekonomická analýza motivácie návštevnosti medzi dvoma najbližšími kultúrnymi inštitúciami - Slovenského národného divadla v Bratislave a Štátnej opery vo Viedni. Závery výskumu.
Gespeichert in:
| 1. Verfasser: | |
|---|---|
| Weitere Verfasser: | , |
| Format: | Buchkapitel |
| Sprache: | Englisch |
| Schlagworte: | |
| Tags: |
Keine Tags, Fügen Sie das erste Tag hinzu!
|
MARC
| LEADER | 00000naa$a2200000$$$4500 | ||
|---|---|---|---|
| 001 | 0117120 | ||
| 005 | 20240502072316.4 | ||
| 041 | 0 | |a eng | |
| 044 | |a SK | ||
| 245 | 1 | 0 | |a Cross-border cultural tourism in Europe: drivers for cross-border travels for the performing arts |c Mária Tajtáková, Janka Kopaničová, Zuzana Francová |
| 520 | |a Teoreticko-ekonomická analýza motivácie návštevnosti medzi dvoma najbližšími kultúrnymi inštitúciami - Slovenského národného divadla v Bratislave a Štátnej opery vo Viedni. Závery výskumu. | ||
| 610 | 2 | 0 | |a ruch cestovný |
| 610 | 2 | 0 | |a turistika |
| 610 | 2 | 0 | |a Európa |
| 610 | 2 | 0 | |a Slovensko |
| 610 | 2 | 0 | |a Rakúsko |
| 610 | 2 | 0 | |a umenie |
| 610 | 2 | 0 | |a kultúra |
| 610 | 2 | 0 | |a hudba |
| 100 | 1 | |a Tajtáková, Mária | |
| 700 | 1 | |a Kopaničová, Janka, 1979- | |
| 700 | 1 | |a Francová, Zuzana, 1971- | |